Normal view
MARC view
Entry Corporate Name
001 - CONTROL NUMBER
- control field: 5142
003 - CONTROL NUMBER IDENTIFIER
- control field: BD-RjUL
005 - DATE AND TIME OF LATEST TRANSACTION
- control field: 20221010101703.0
008 - FIXED-LENGTH DATA ELEMENTS
- fixed length control field: 221010|| aca||aabn | a|a d
040 ## - CATALOGING SOURCE
- Original cataloging agency: BD-RjUL
- Transcribing agency: BD-RjUL
110 ## - HEADING--CORPORATE NAME
- Corporate name or jurisdiction name as entry element: Truman & Knightley Educational Trust
670 ## - SOURCE DATA FOUND
- Source citation: Work cat.: (BD-RjUL)80494: Schools /, [1924-1980].